ज्ञान उन्मेष सरस हिंदी व्याकरण/ (Record no. 201361)

MARC details
000 -LEADER
fixed length control field 01018nam a22001937a 4500
005 - DATE AND TIME OF LATEST TRANSACTION
control field 20240312170245.0
010 ## - LCCN (DPL NO)
LC control number B-758412-422
020 ## - INTERNATIONAL STANDARD BOOK NUMBER
International Standard Book Number 9789395020534
Terms of availability 550.00
035 ## - SYSTEM CONTROL NUMBER
System control number B-758412-422
037 ## - SOURCE OF ACQUISITION
Source of stock number/acquisition विधा प्रकाशन
082 ## - DEWEY DECIMAL CLASSIFICATION NUMBER
Classification number 425
100 ## - MAIN ENTRY--PERSONAL NAME
Personal name गौड, विक्रम
245 ## - TITLE STATEMENT
Title ज्ञान उन्मेष सरस हिंदी व्याकरण/
Statement of responsibility, etc डॉ. विक्रम गौड
260 ## - PUBLICATION, DISTRIBUTION, ETC. (IMPRINT)
Place of publication, distribution, etc ऊधम सिंह नगर
Name of publisher, distributor, etc विधा प्रकाशन
Date of publication, distribution, etc 2023
270 ## - ADDRESS
Address वार्ड नं. 9 बाज्जापुर ,
City उत्तरIखंड
Postal code 262401
300 ## - PHYSICAL DESCRIPTION
Extent 280 पृष्ठ
Dimensions 22 (अजिल्द)
942 ## - ADDED ENTRY ELEMENTS (KOHA)
Item type Hindi Books
Source of classification or shelving scheme Dewey Decimal Classification
Classification part 425
Call number suffix गौड
Holdings
Withdrawn status Lost status Not for loan Collection code Home library Current library Date acquired Source of acquisition Cost, normal purchase price Full call number Barcode Copy number Cost, replacement price Koha item type
      Non-fiction Ashok Vihar Ashok Vihar 12/03/2024 विधा प्रकाशन /001/2.2.24/116/9.1.24/6.2.24 550.00 425 गौड B-758413 1 550.00 Hindi Books
      Non-fiction Bawana Bawana 12/03/2024 विधा प्रकाशन /001/2.2.24/116/9.1.24/6.2.24 550.00 425 गौड B-758419 1 550.00 Hindi Books
      Non-fiction Central Jail Tihar Central Jail Tihar 12/03/2024 विधा प्रकाशन /001/2.2.24/116/9.1.24/6.2.24 550.00 425 गौड B-758415 1 550.00 Hindi Books
      Non-fiction Central Library Central Library 12/03/2024 विधा प्रकाशन /001/2.2.24/116/9.1.24/6.2.24 550.00 425 गौड B-758412 1 550.00 Hindi Books
      Non-fiction Kadipur Kadipur 12/03/2024 विधा प्रकाशन /001/2.2.24/116/9.1.24/6.2.24 550.00 425 गौड B-758420 1 550.00 Hindi Books
      Non-fiction Patel Nagar Patel Nagar 12/03/2024 विधा प्रकाशन /001/2.2.24/116/9.1.24/6.2.24 550.00 425 गौड B-758414 1 550.00 Hindi Books
      Non-fiction R.K.Puram-8 R.K.Puram-8 12/03/2024 विधा प्रकाशन /001/2.2.24/116/9.1.24/6.2.24 550.00 425 गौड B-758417 1 550.00 Hindi Books
      Non-fiction Sarojini Nagar Sarojini Nagar 12/03/2024 विधा प्रकाशन /001/2.2.24/116/9.1.24/6.2.24 550.00 425 गौड B-758416 1 550.00 Hindi Books
      Non-fiction Shahdara Branch Shahdara Branch 12/03/2024 विधा प्रकाशन /001/2.2.24/116/9.1.24/6.2.24 550.00 425 गौड B-758421 1 550.00 Hindi Books
      Non-fiction Vinoba Puri Vinoba Puri 12/03/2024 विधा प्रकाशन /001/2.2.24/116/9.1.24/6.2.24 550.00 425 गौड B-758418 1 550.00 Hindi Books
      Non-fiction Yojana Vihar Yojana Vihar 12/03/2024 विधा प्रकाशन /001/2.2.24/116/9.1.24/6.2.24 550.00 425 गौड B-758422 1 550.00 Hindi Books

© Delhi Public Library
Hit Counter
free hit counter